00694nam a22001695i 4500001000700000003000900007005001700016008004100033040003000074100002800104245007900132260004100211300003200252600004200284752002500326852017300351161180ES-MaACL20230906212217.0981020s1857 gw |||| | fre d aCCPB | B bspa cCCPB | B1 aOulibicheff, Alexandre.10aBeethoven, ses critiques et ses glossateurs / cPar Alexandre Oulibicheff. aLeipzig : bF. A. Brockhaus, c1857. aXIV, [2], 354 p. ; c24 cm.14aBeethoven, Ludwig van-xBiografías. aAlemania - dLeipzig aES-MaACLjG-9532 z-- Enc. hol. x-- Edic.: En el pie de imp. consta tambien el ed.: Paris : Jules Gavelot -- La paginación en este ejemplar es: XIV, [2], 351, [1] p.